[Event "Chorzow Bak Memorial op"]
[Site "Chorzow"]
[Date "2010.11.17"]
[Round "7"]
[White "Gora, Tomasz"]
[Black "Krzempek, Krystian"]
[Result "1/2-1/2"]
[WhiteElo "1921"]
[BlackElo "1846"]
[PlyCount "76"]
[EventDate "2010.11.13"]
[EventType "swiss"]
[EventRounds "9"]
[EventCountry "POL"]
[SourceTitle "EXT 2012"]
[Source "ChessBase"]
[SourceDate "2011.11.24"]
[SourceVersion "1"]
[SourceVersionDate "2011.11.24"]
[SourceQuality "1"]

1. d4 d5 2. Nf3 Nf6 3. Bf4 c6 4. Nbd2 e6 5. e3 Nbd7 6. Bd3 Nb6 7. 0-0 Bd6 8. Bg3 0-0 9. Bh4 Nbd7 10. e4 e5 11. exd5 cxd5 12. dxe5 Nxe5 13. Be2 Ng6 14. Bg3 Bxg3 15. hxg3 Qb6 16. Nb3 Ne4 17. Qd4 Qxd4 18. Nfxd4 a5 19. Rad1 Ne5 20. Nf3 Nxf3+ 21. gxf3 Nf6 22. a3 Bd7 23. Rd4 Bf5 24. c3 Rfe8 25. Bb5 Re7 26. Nc5 h5 27. Nd3 Re2 28. Rb1 Rc8 29. Nf4 Re5 30. Rbd1 Bc2 31. R1d2 Bb3 32. Kg2 g5 33. Nd3 Re7 34. Nc1 Bc4 35. Ba4 b5 36. Bc2 a4 37. Nd3 Rce8 38. Nc5 Re1 1/2-1/2

[Event "Polanica Zdroj op-C 45th"]
[Site "Polanica Zdroj"]
[Date "2009.08.21"]
[Round "4"]
[White "Krzempek, Krystian"]
[Black "Zebracki, Tomasz"]
[Result "1-0"]
[WhiteElo "1851"]
[BlackElo "1779"]
[PlyCount "44"]
[EventDate "2009.08.18"]
[EventType "swiss"]
[EventRounds "9"]
[EventCountry "POL"]
[SourceTitle "CBM 132 Extra"]
[Source "ChessBase"]
[SourceDate "2009.11.03"]
[SourceVersion "1"]
[SourceVersionDate "2009.11.03"]
[SourceQuality "1"]

1. d4 d5 2. c4 e5 3. dxe5 d4 4. Nf3 Nc6 5. g3 Nge7 6. Bg2 Ng6 7. 0-0 Ngxe5 8. Nxe5 Nxe5 9. Qa4+ c6 10. Rd1 Bc5 11. b4 d3 12. bxc5 Qd4 13. Bd2 dxe2 14. Re1 Qg4 15. Nc3 0-0 16. Rxe2 Nf3+ 17. Bxf3 Qxf3 18. Re3 Qf6 19. Rae1 Qd4 20. Ne4 b5 21. cxb5 f5 22. Bc3 Qd8 1-0

[Event "Siemianowice op"]
[Site "Siemianowice"]
[Date "2008.12.13"]
[Round "7.1"]
[White "Krzempek, Krystian"]
[Black "Stachanczyk, Jacek"]
[Result "0-1"]
[WhiteElo "1754"]
[BlackElo "2144"]
[PlyCount "52"]
[EventDate "2008.12.08"]
[EventType "swiss"]
[EventRounds "9"]
[EventCountry "POL"]
[SourceTitle "EXT 2023"]
[Source "ChessBase"]
[SourceDate "2022.10.05"]
[SourceVersion "1"]
[SourceVersionDate "2022.10.05"]
[SourceQuality "1"]

1. d4 d5 2. c4 c6 3. cxd5 cxd5 4. Nc3 Nf6 5. g3 Nc6 6. Bg2 Bf5 7. a3 e6 8. Nf3 h6 9. 0-0 Be7 10. Qb3 a6 11. Qd1 0-0 12. Ne5 Rc8 13. Nxc6 Rxc6 14. f3 Rc4 15. Be3 Qb6 16. Qd2 Qb3 17. Bf2 Bg6 18. e4 b5 19. Rfc1 dxe4 20. fxe4 Ng4 21. Bf1 Rcc8 22. Bd3 Bg5 23. Qd1 Qxb2 24. Rc2 Nxf2 25. Kxf2 Qb3 26. Qb1 Rxc3 0-1

[Event "Chorzow Bak Memorial op"]
[Site "Chorzow"]
[Date "2008.11.18"]
[Round "5"]
[White "Krzempek, Krystian"]
[Black "Galyga, Jozef"]
[Result "1/2-1/2"]
[WhiteElo "1754"]
[BlackElo "1926"]
[PlyCount "73"]
[EventDate "2008.11.15"]
[EventType "swiss"]
[EventRounds "9"]
[EventCountry "POL"]
[SourceTitle "EXT 2010"]
[Source "ChessBase"]
[SourceDate "2010.11.25"]
[SourceVersion "1"]
[SourceVersionDate "2010.11.25"]
[SourceQuality "1"]

1. d4 e6 2. c4 f5 3. Nc3 Nf6 4. g3 Be7 5. Bg2 0-0 6. e3 d5 7. cxd5 exd5 8. Nge2 c6 9. 0-0 Be6 10. a3 Nbd7 11. Bh3 g6 12. f3 Bf7 13. e4 dxe4 14. fxe4 Nxe4 15. Nxe4 fxe4 16. Bh6 Nf6 17. Bxf8 Bxf8 18. Qd2 Bg7 19. Nf4 Qd6 20. Qb4 Qxb4 21. axb4 a6 22. b5 cxb5 23. Rac1 Nd5 24. Ne6 Re8 25. Nxg7 Kxg7 26. Rc5 e3 27. Bg2 e2 28. Re1 Nb4 29. Re5 Rxe5 30. dxe5 Bc4 31. Be4 a5 32. Kf2 a4 33. Ke3 Kf7 34. Kd4 b6 35. h4 h6 36. g4 g5 37. hxg5 1/2-1/2

[Event "POL-ch Seniors"]
[Site "Swietochlowice"]
[Date "2008.10.05"]
[Round "8.14"]
[White "Krzempek, Krystian"]
[Black "Bezimienny, Daniel"]
[Result "1-0"]
[WhiteElo "1754"]
[BlackElo "1872"]
[PlyCount "76"]
[EventDate "2008.09.30"]
[EventType "swiss"]
[EventRounds "9"]
[EventCountry "POL"]
[SourceTitle "EXT 2023"]
[Source "ChessBase"]
[SourceDate "2022.10.05"]
[SourceVersion "1"]
[SourceVersionDate "2022.10.05"]
[SourceQuality "1"]

1. d4 e6 2. c4 d5 3. Nc3 Nf6 4. Bg5 c6 5. e3 Bb4 6. Bxf6 Qxf6 7. Nf3 0-0 8. cxd5 exd5 9. Be2 Bg4 10. 0-0 Nd7 11. Rc1 Qe7 12. Nd2 Bf5 13. Re1 Nf6 14. Bf3 Qd6 15. Qb3 Rab8 16. Nf1 Ba5 17. Ng3 Bg4 18. Bxg4 Nxg4 19. Qc2 Bc7 20. Nb5 Qh6 21. Nxc7 Qxh2+ 22. Kf1 a6 23. a4 Qh4 24. Qf5 g6 25. Qf4 Rbc8 26. Ke2 g5 27. Qf3 Rxc7 28. Rh1 Nh2 29. Rxh2 Qxh2 30. Rh1 Qxh1 31. Nxh1 f5 32. Qg3 Rg7 33. Qe5 f4 34. f3 Rff7 35. Qe8+ Rf8 36. Qe6+ Kh8 37. Nf2 Rg6 38. Qe7 Rg7 1-0

[Event "POL-chT4 Slaskie"]
[Site "Poland"]
[Date "2008.02.24"]
[Round "4.26"]
[White "Krzempek, Krystian"]
[Black "Olchowko, Blazej"]
[Result "1-0"]
[WhiteElo "1629"]
[BlackElo "1685"]
[PlyCount "95"]
[EventDate "2008.02.10"]
[EventType "team-swiss"]
[EventRounds "9"]
[EventCountry "POL"]
[SourceTitle "EXT 2019"]
[Source "ChessBase"]
[SourceDate "2018.10.10"]
[SourceVersion "1"]
[SourceVersionDate "2018.10.10"]
[SourceQuality "1"]

1. d4 d5 2. c4 Nc6 3. Nc3 dxc4 4. d5 Ne5 5. f4 Ng6 6. e4 e6 7. Bxc4 Nf6 8. Bb5+ Bd7 9. dxe6 fxe6 10. Qb3 c6 11. Bc4 Qc8 12. Nf3 b5 13. Bd3 Bc5 14. Qc2 Bb6 15. e5 Nd5 16. Bxg6+ hxg6 17. Qxg6+ Kd8 18. Ng5 Kc7 19. Nxd5+ cxd5 20. Bd2 Kb7 21. Nf7 Qc5 22. Nxh8 Qf2+ 23. Kd1 Rxh8 24. Qxg7 Rd8 25. Qg3 Qd4 26. Qc3 Qf2 27. Qf3 Qd4 28. Rc1 Qxb2 29. Qc3 Qxa2 30. Ra1 Qc4 31. Qxc4 dxc4 32. Ba5 Bc6+ 33. Ke2 Bxa5 34. Rxa5 Kb6 35. Rha1 Rd7 36. Ra6+ Kc5 37. Rxa7 Rxa7 38. Rxa7 Bxg2 39. f5 exf5 40. e6 Bc6 41. e7 Kb4 42. Ra8 Kb3 43. Kd2 Kb2 44. e8Q Bxe8 45. Rxe8 c3+ 46. Kd3 c2 47. Re2 Kb1 48. Rxc2 1-0